Normal view
MARC view
- British
Entry Topical Term
001 - CONTROL NUMBER
- control field: 3844
003 - CONTROL NUMBER IDENTIFIER
- control field: NUST
005 - DATE AND TIME OF LATEST TRANSACTION
- control field: 20170807134956.0
008 - FIXED-LENGTH DATA ELEMENTS
- fixed length control field: 170807|| aca||aabn | a|a d
040 ## - CATALOGING SOURCE
- Original cataloging agency: NUST
- Transcribing agency: NUST
150 ## - HEADING--TOPICAL TERM
- Topical term or geographic name entry element: British
- Geographic subdivision: India
- Geographic subdivision: Punjab
- General subdivision: Biography.
670 ## - SOURCE DATA FOUND
- Source citation: Work cat.: (NUST)0: Elsmie, G. R., 1838-1909. 3842, Thirty-five years in the Punjab, 1858-1893 /, 1975.
